000 00798nam a2200241Ia 4500
003 OSt
005 20220923220631.0
006 a|||||r|||| 00| 0
007 ta
008 220922b |||||||| |||| 00| 0 hin d
024 _a188,121
037 _cTextual
040 _aARTS
_cARTS
_bhin
041 _2hin
_ahin
082 _aV28253.N46<-F06, 152N0
100 _aमयंक, भागीलाल
245 0 _aजैसलमेर राज्य का इतिहास
246 _aJaisalamer rājya kā itihāsa
260 _aजोधपुर
_b राजस्थानी ग्रंथागार
_c1990
300 _a270 पृ.
_ccm.
942 _hV28253.N46<-F06, 152N0
_cTEXL
_2CC
999 _c341197
_d341197